Writing for Ielts : Collins English for exams

Collins Writing for IELTS has been specially created for learners of English who plan to take the Academic IELTS exam to demonstrate that they have the required ability to communicate effectively in English at university. It is ideal for learners with band score 5 - 5.5 who are aiming for band score...

Ful tanımlama

Kaydedildi:
Detaylı Bibliyografya
Yazar: Williams, Anneli
Materyal Türü: Kitap
Dil:Undetermined
Baskı/Yayın Bilgisi: Tp. Hồ Chí Minh Tổng hợp Tp. Hồ Chí Minh 2011
Konular:
Etiketler: Etiketle
Etiket eklenmemiş, İlk siz ekleyin!
Thư viện lưu trữ: Trung tâm Học liệu Trường Đại học Cần Thơ
LEADER 01096nam a2200229Ia 4500
001 CTU_180962
008 210402s9999 xx 000 0 und d
020 |c 98000 
082 |a 428.0076 
082 |b W721 
100 |a Williams, Anneli 
245 0 |a Writing for Ielts : 
245 0 |b Collins English for exams 
245 0 |c Anneli Williams 
260 |a Tp. Hồ Chí Minh 
260 |b Tổng hợp Tp. Hồ Chí Minh 
260 |c 2011 
520 |a Collins Writing for IELTS has been specially created for learners of English who plan to take the Academic IELTS exam to demonstrate that they have the required ability to communicate effectively in English at university. It is ideal for learners with band score 5 - 5.5 who are aiming for band score 6 or higher on the IELTS test (CEF level B1 and above). What is IELTS? The International English Language Testing System 
650 |a English language,Anh ngữ 
650 |x Study guides,Examinations,Hướng dẫn học,Kỳ thi 
904 |i Tuyến 
980 |a Trung tâm Học liệu Trường Đại học Cần Thơ